000
00195 a2200097 4500
001
42951
100
_a
Macmillan
245
_a
Great armor
260
_a
London
_b
G Bell
_c
090
_c
26832
_d
26832
942
_a
NUST-CAE
_c
M
_c
18705
999
_c
278024
_d
278024